Countries With Google Earth 3D Coverage - Statistics

General Stats
  • This quiz has been taken 31 times
  • The average score is 38 of 50
Answer Stats
Continent Answer % Correct
North America Canada
92%
Europe France
92%
Europe United Kingdom
92%
Europe Finland
88%
Oceania Australia
85%
South America Brazil
85%
Europe Germany
85%
Europe Ireland
85%
Europe Norway
85%
Europe Sweden
85%
North America United States
85%
South America Argentina
81%
South America Chile
81%
Europe Czechia
81%
Europe Denmark
81%
Europe Greece
81%
Europe Italy
81%
Asia Japan
81%
North America Mexico
81%
Europe Spain
81%
Europe Vatican
81%
Europe Albania
77%
Europe Belgium
77%
Europe Bulgaria
77%
Europe Hungary
77%
Europe Iceland
77%
Europe Lithuania
77%
Europe Luxembourg
77%
Europe Netherlands
77%
Europe Poland
77%
Europe San Marino
77%
Europe Austria
73%
Europe Bosnia and Herzegovina
73%
Europe Latvia
73%
Europe Portugal
73%
Europe Romania
73%
Europe Serbia
73%
Europe Slovakia
73%
Africa South Africa
73%
Europe Switzerland
73%
Europe Croatia
69%
Europe Monaco
69%
Europe Montenegro
69%
Europe Slovenia
69%
Asia Singapore
65%
Asia Taiwan
62%
Asia Malaysia
58%
Asia Philippines
54%
Europe New Zealand
50%
Africa Tunisia
50%
No matching quizzes found
Score Distribution
Percent of People with Each Score
Percentile by Number Answered
Your Score History
You have not taken this quiz